000 00647nam a2200229Ia 4500
003 OSt
005 20220918202603.0
006 a|||||r|||| 00| 0
007 ta
008 220917b |||||||| |||| 00| 0 eng d
024 _a102,354
037 _cTextual
040 _aARTS
_cARTS
_beng
041 _2eng
_aeng
082 _aV236M5,1:19, J5 (EV)
100 _aGanda Singh ed
_980038
245 0 _aPrivate correspondence relating to the Anglo-sikh wars
260 _aPatiala
_bSikh History Society
_c1955
650 _aHISTORY
942 _hV236M5,1:19, J5 (EV)
_cTEXL
_2CC
999 _c225808
_d225808